000 00696cab a2200229 4500
001 WB2738-14
008 090401t1991 xxu||||| |||| 00| 0 eng d
035 _a(Sirsi) u1506
041 _aeng
245 _aImproving performance
260 _c1991
350 _a0
490 _aFinancial Times
_v27 September 1991, 15(1)
520 _aThe Investment Property Databank (IPD) has recorded the best annualised performance of commercial property since October 1990, with a drop in total returns of 4.7%
650 _aPERFORMANCE
650 _aPROPERTY INVESTMENT
650 _aRETURNS
650 _aSTATISTICS
690 _aPROPERTY-COMMERCIAL PROPERTY
942 _n0
948 _c04/03/1997
999 _c842
_d842